| 000 | 00784cam a2200229 4500 | ||
|---|---|---|---|
| 001 | WB3716-11 | ||
| 008 | 000000n2001 000 0 eng u | ||
| 035 | _a(Sirsi) u112119 | ||
| 245 | _aBuying is cheaper than renting | ||
| 260 | _c2001 | ||
| 490 |
_aGuardian _v21 April 2001, 16(2) |
||
| 520 | _aResearch from Abbey National shows that despite rising house prices, on average it is 57% cheaper to buy rather than rent a property over a 25-year period. Map shows regional costs of renting and buying. | ||
| 590 | _aWB | ||
| 650 | _aHOUSE PRICES | ||
| 650 | _aABBEY NATIONAL | ||
| 650 | _aHOME OWNERSHIP | ||
| 650 | _aTENANTS | ||
| 650 | _aHOMEBUYERS | ||
| 650 | _aRENTED PROPERTY | ||
| 690 | _aPROPERTY-RESIDENTIAL PROPERTY-RESIDENTIAL PROPERTY MARKET | ||
| 942 | _n0 | ||
| 999 |
_c66771 _d66771 |
||